Pays avec plus de 200 millions des personnes - Statistiques

Statistiques générales
  • Ce quiz a été pris 151 fois
  • Le résultat moyen est 6 sur 7
Statistiques - réponses
Date Population Pays % Correct
1966 329 m Etats-Unis
100%
1720 1,427 m Chine
99%
1820 1,367 m Inde
99%
1997 269 m Indonésie
88%
2012 212 m Brésil
86%
2019 201 m Nigeria
68%
2018 204 m Pakistan
65%
Aucun quiz correspondant
Distribution des résultats
% des personnes avec chaque résultat
Percentile par nombre de réponses
Votre historique - résultats
Vous n’avez pas pris ce quiz